7-11 Countries Quiz Stats

 Plays Quiz Updated Jul 12, 2021

Support Sporcle.
Go Orange.
Score 0/17 Timer 05:00
2 Plays Today
Locations Country % Correct
9,364United States of America
99.3%
636Canada
96.4%
1,829Mexico
94.4%
3,.156China
92.7%
20,988Japan
90.7%
708Australia
83.5%
10,016South Korea
78.7%
44Vietnam
74.5%
11,712Thailand
72.5%
Locations Country % Correct
2,411Malaysia
65.4%
2,864Philippines
64.2%
5,647Taiwan
63.6%
411Singapore
61.4%
83Sweden
57.7%
154Norway
56.5%
172Denmark
54.3%
12United Arab Emirates
39.1%

You're not logged in!

Compare scores with friends on all Sporcle quizzes.
OR
Log In
Forgot?

From the Vault

Pac-Man Ghosts

by JJMaster19

Honestly, it wasn't fair of Pac-Man to just go around eating all that fruit. Just because it's on the ground doesn't mean it's free!
Remove Ads.
Support Sporcle.
Get the best of Sporcle when you Go Orange. This ad-free experience offers more features, more stats, and more fun while also helping to support Sporcle. Thank you for becoming a member.

Show Comments

Extras

Top Quizzes Today


Score Distribution

Your Account Isn't Verified!

In order to create a playlist on Sporcle, you need to verify the email address you used during registration. Go to your Sporcle Settings to finish the process.

Report this User

Report this user for behavior that violates our Community Guidelines.

Details: